Statistics for All Permutations of {1, 2, 3, 4} in 30 seconds

Click here to take the quiz!

General Stats

  • This quiz has been taken 86 times
  • The average score is 12 of 24

Answer Stats

Permutation% Correct
1234
100%
1243
88%
1324
86%
1423
82%
1432
74%
1342
70%
2341
70%
2134
61%
2143
60%
2314
60%
3214
54%
3124
46%
2413
44%
3241
44%
4321
44%
2431
42%
3412
39%
3142
37%
3421
32%
4123
30%
4231
25%
4312
25%
4213
21%
4132
16%

Score Distribution

Percentile by Number Answered

Percent of People with Each Score

Your Score History

You have not taken this quiz